Missing Word: Famous at the Rose Parade Quiz Stats

Quiz Updated Nov 29, 2016

Challenge
Share
Tweet
Embed
Score 0/36 Timer 04:00
0 Plays Today
Grand Marshal Word % Correct
___ the FrogKermit
96.3%
Mickey ___Mouse
95.7%
___ D. EisenhowerDwight
95.2%
Gerald R. ___Ford
95%
___ HopeBob
94.1%
___ ShatnerWilliam
93.5%
Herbert ___Hoover
93.2%
Frank ___Sinatra
91.8%
Arnold ___Palmer
91.2%
Sandra ___ O'ConnorDay
91%
Hank ___Aaron
90.4%
___ PhilbinRegis
89.3%
Richard M. ___Nixon
88.6%
John ___Wayne
88.5%
George ___Lucas
87.4%
Gregory ___Peck
86.3%
___ M. SchulzCharles
85.3%
___Pelé
84.2%
Grand Marshal Word % Correct
___ GoodallJane
83.7%
Shirley ___ BlackTemple
82.8%
John ___Glenn
80.6%
Fred ___Rogers
79.7%
Jimmy ___Stewart
78.2%
Billy ___Graham
78%
___ IacoccaLee
74.2%
Tom ___Brokaw
71.4%
Bill ___Cosby
70.8%
___ PickfordMary
70.1%
___ WilliamsJohn
63%
___ BradleyOmar
55.6%
Emeril ___Lagasse
55.3%
___ ScullyVin
54.1%
Earl ___Warren
49.8%
___ RickenbackerEddie
36.6%
___ LloydHarold
32.7%
Chesley ___Sullenberger
20.2%

Today's Daily Dose

You're not logged in!

Compare scores with friends on all Sporcle quizzes.
Join for Free
OR
Log In

You Might Also Like...

Show Comments

Extras

Top Quizzes Today


Score Distribution

Your Account Isn't Verified!

In order to create a playlist on Sporcle, you need to verify the email address you used during registration. Go to your Sporcle Settings to finish the process.

Report this User

Report this user for behavior that violates our Community Guidelines.

Details: